Statistics for Ultimate F1 quiz III

Click here to take the quiz!

General Stats

  • This quiz has been taken 8 times
  • The average score is 9 of 20

Answer Stats

HintAnswer% Correct
In what decade were cameras attached to the cars?1990
83%
The closest ever Drivers' Championship was settled by just half a point in 1984. Niki Lauda took the title, but who came second?Alain Prost
67%
Who came second in the 1972 championship despite suffering from a stomach ulcerJackie Stewart
67%
Which driver was kidnapped after winning the Cuban Grand Prix in 1957Juan Manuel Fangio
67%
Who was the first British F1 championMike Hawthorn
67%
Who came back to racing just 6 weeks after a crash at Nurburgring left him with severe burns and lung damageNiki Lauda
67%
Who holds the record for most wins at the Monaco Grand PrixAyrton Senna
50%
Who won the first World Drivers' champshionshipGiuseppe Farina
50%
What was the only non-European race in the first World Drivers' champshionshipIndianapolis 500
50%
What team did Fangio drive for when he took his record 5th world championshipMaserati
50%
Who was stripped of his second place Championship finish after it was determined that he tried to run his competitor off the road in the last race of the seasonMichael Schumacher
50%
Which team introduced a 6 wheel racing car in 1976Tyrrell
50%
When did sponsorships start being displayed on the liveries of cars1968
33%
Who is the only driver to win an F1 championship and the Indy 500 in the same yearJim Clark
33%
Who was the first woman to race in Formula OneMaria Teresa de Filippis
33%
Who was the first driver to fall into the monaco harbour mid-raceAlberto Ascari
17%
Which Grand Prix was boycotted in 1969 since the circuit did not install safety upgrades as per the drivers' requestBelgian Grand Prix
17%
When did the FISA dissolve, letting the FIA be in full control of F1 racing1993
0%
Who was the first driver to wear a full-faced helmetDan Gurney
0%
Who won the first race in a rear-engined f1 carStirling Moss
0%

Score Distribution

Percentile by Number Answered

Percent of People with Each Score

Your Score History

You have not taken this quiz